000 00997nam a2200277Ia 4500
003 OSt
005 20220930085244.0
006 a|||||r|||| 00| 0
007 ta
008 220926b |||||||| |||| 00| 0 eng d
024 _a94417
037 _cTheses
040 _aCRL
_cCRL
_beng
041 _2eng
_aeng
100 _aGupta Ekta
_9539814
110 _aUniversity of Delhi. Faculty of Medical Sciences. Department of Anaesthesiology
_9519568
245 0 _aComparative assessment of nasal morbidity and airway navigability of three types of endotracheal tubes
260 _c2007
650 _aANESTHETICS
_9519569
700 _a Dr. Achal Gulati Gu.
_9532909
700 _a Dr. Rakesh Kumar Gu.
_9532743
700 _a Kavita Rani Sharma Gu.
_9539815
700 _aUniversity of Delhi. Faculty of Medical Sciences. Department of Anaesthesiology
_9519571
942 _cDIS
_2CC
999 _c878613
_d878613